Protection of Children from Sexual Offences Act (Record no. 1312034)
[ view plain ]
| 000 -LEADER | |
|---|---|
| fixed length control field | 00502nam a2200169Ia 4500 |
| 005 - DATE AND TIME OF LATEST TRANSACTION | |
| control field | 20250612150945.0 |
| 008 - FIXED-LENGTH DATA ELEMENTS--GENERAL INFORMATION | |
| fixed length control field | 008 250505s9999 xx 000 0 eng d |
| 020 ## - INTERNATIONAL STANDARD BOOK NUMBER | |
| International Standard Book Number | 9789393850089 |
| 040 ## - CATALOGING SOURCE | |
| Language of cataloging | eng |
| Transcribing agency | ILCL |
| 041 ## - LANGUAGE CODE | |
| Language code of text/sound track or separate title | eng |
| Source of code | eng |
| 084 ## - COLON CLASSIFICATION NUMBER | |
| Classification number | Y11:3(S5):(Z2) R3 |
| 100 ## - MAIN ENTRY--PERSONAL NAME | |
| Personal name | Singh, Pramod Kumar |
| 245 #0 - TITLE STATEMENT | |
| Title | Protection of Children from Sexual Offences Act |
| 260 ## - PUBLICATION, DISTRIBUTION, ETC. | |
| Place of publication, distribution, etc. | Delhi |
| Name of publisher, distributor, etc. | Law and Justice Publishing Company |
| Date of publication, distribution, etc. | 2023 |
| 300 ## - PHYSICAL DESCRIPTION | |
| Extent | xxxvi,488p. |
| 942 ## - ADDED ENTRY ELEMENTS (KOHA) | |
| Koha item type | Textbook |
| Source of classification or shelving scheme | |
| 100 ## - MAIN ENTRY--PERSONAL NAME | |
| -- | 26133 |
| 999 ## - | |
| -- | 1312034 |
| -- | 1312034 |
| Withdrawn status | Lost status | Damaged status | Not for loan | Home library | Current library | Date acquired | Source of acquisition | Cost, normal purchase price | Inventory number | Total checkouts | Full call number | Barcode | Date last seen | Date last checked out | Price effective from | Koha item type |
|---|---|---|---|---|---|---|---|---|---|---|---|---|---|---|---|---|
| Integrated Law Course library | Integrated Law Course library | 7-03-24 | Apple Books | 995.00 | 006 dt. 03-07-2024 | 1 | Y11:3(S5):(Z2) R3 | IL1863194 | 2026-04-22 | 2026-04-07 | 2025-05-06 | Textbook | ||||
| Integrated Law Course library | Integrated Law Course library | Singhal Publications | 995.00 | 2535 dt.26-06-2024 | Y11:3(S5):(Z2) R3 | IL1863781 | 2025-05-06 | 2025-05-06 | Textbook |
